000 00926nam0a22002531 4500
001 rc\611642
005 20031121163823.6
035 _a(NLR Aleph) 005855264
090 _a5821064
_c5821064
100 _a20031121d1986 u |0rusy50 ca
101 0 _arus
102 _aRU
105 _aa |||||||||
200 1 _aСОВЕРШЕНСТВОВАНИЕ буровзрывных работ в народном хозяйстве
_e[Сб. ст.]
_fПод ред. проф., д. т. н. Б.А. Симкина и др.
210 _aМ.
_cНедра
_d1986
215 _a252 с.
_cил.
_d21
225 1 _aВзрывное дело
_eСб.
_fНауч.-техн. горн. о-во
_v№ 89/46
320 _aБиблиогр. в конце ст.
702 1 _aСимкин
_bБ. А.
_gБорис Александрович
_4340
801 0 _aRU
_bNLR
_gpsbo
801 1 _aRU
_bELAR
_2rusmarc
852 _aNLR
_jП10/689
942 _cBOOK
980 _aNB